| 000 | 00872nam a22002297a 4500 | ||
|---|---|---|---|
| 003 | DO-SdBNP | ||
| 005 | 20240315190248.0 | ||
| 007 | ta | ||
| 008 | 220711b2008 |||||||| l||| 001 0 spa d | ||
| 040 |
_aDO-SdBNP _bspa _cBNPHU |
||
| 082 | 4 |
_222 _a347.012 _bR426m |
|
| 110 | 1 | 0 |
_aRepública Dominicana. _bSuprema Corte de Justicia _97906 |
| 245 | 1 | 0 |
_aMemorias 2006 - 2007 del Poder Judicial / _cSuprema Corte de Justicia ; presentación de Jorge A. Subero Isa |
| 260 |
_aSanto Domingo : _bCorripio, _c2008. |
||
| 300 |
_a287 p. : _bil.; fot; _c28 cm |
||
| 590 | _aInventariado, 2022 / SA | ||
| 650 | 4 |
_a Memorias _vPoder Judicial _y2006-2007. _zRepública Dominicana _981987 |
|
| 700 |
_aSubero Isa, Jorge A _epresentación _981990 |
||
| 700 | 1 |
_aVidal, Fior _efotografías _974922 |
|
| 710 | 1 |
_aDireción de Sentencias y Publicaciones _eCorrección _981988 |
|
| 942 |
_2ddc _cLBS1 |
||
| 999 |
_c52171 _d52171 |
||